000 00760nam a2200217 i 4500
001 124199
003 ES-MaACL
005 20250823021525.0
007 t|
008 070214s1964 sp r ||||1| spa d
100 1 _aReding, Marcel.
_995798
245 1 0 _aFundamentos filosóficos de la teología moral católica /
_cMarcel Reding ; traducción de Juan José de Bergareche.
260 _aMadrid :
_bRialp,
_c1964.
300 _a235 p. ;
_c22 cm.
490 1 _aEnciclopedia de la ética y moral cristianas ;
_v2
650 7 _aMoral cristiana
_2embne
_9142371
700 1 _aBergareche, Juan José de.
_927936
830 0 _aEnciclopedia de la ética y moral cristianas ;
_v2
_9187151
852 _aES-MaACL
_jC-25612
_bR.54368
999 _c124199
_d124199